| 000 | 01364njm a2200325Ia 4500 | ||
|---|---|---|---|
| 001 | 20715 | ||
| 003 | IT-RoPAU | ||
| 005 | 20220918181127.0 | ||
| 008 | 131025s9999 xx 000 0 und d | ||
| 040 | _aIT-RoPAU | ||
| 040 | _cIT-RoPAU | ||
| 041 | _aITALIANO | ||
| 999 |
_c100289 _d100289 |
||
| 999 | _bn.d. | ||
| 100 |
_aBersani Lello _92683 |
||
| 100 |
_eAutore testo _92684 |
||
| 100 |
_gCodice autore testo SPICS: 10761 _92685 |
||
| 245 | _aStili dell'informazione radiofonica | ||
| 250 | _a1a ed. | ||
| 260 | _aROMA | ||
| 260 |
_bINFOR ACCADEMIA _c1978 [1a Ed.:1978 - Ed. Lingua Orig.: 1978] |
||
| 300 | _aMUSICASSETTA | ||
| 500 | _aParlato | ||
| 505 | _aIntervista a Lello Bersani - Stili dell'informazione radiofonica - Intervista a Nando Martellini - Intervista a Giuseppe Pedercini - Intervista a Vittorio Roidi | ||
| 650 |
_aPARLATO [CASSETTE] _eCodice MATERIA SPICS: 9951 _92686 |
||
| 700 |
_aAA.VV. _dCodice autore testo SPICS: 12000 _eAutore testo _pStili dell'informazione radiofonica _92687 |
||
| 700 |
_aMartellini Nando _dCodice autore testo SPICS: 11008 _eAutore testo _pIntervista a Nando Martellini _92688 |
||
| 700 |
_aPedercini Giuseppe _dCodice autore testo SPICS: 11062 _eAutore testo _pIntervista a Giuseppe Pedercini _92689 |
||
| 700 |
_aRoidi Vittorio _dCodice autore testo SPICS: 11122 _eAutore testo _pIntervista a Vittorio Roidi _92690 |
||
| 942 |
_cMC _2ddc |
||